| 000 | 00400nam a2200145Ia 4500 | ||
|---|---|---|---|
| 008 | 230917s9999||||xx |||||||||||||| ||und|| | ||
| 040 |
_e86593 _aMAIN |
||
| 041 | _aEnglish | ||
| 082 | _a005.133 G713T | ||
| 100 | _aGottfried, Byron S | ||
| 245 | 0 | _aSchaum's outline of theory and problems of programming with Pascal | |
| 260 |
_aNew Delhi _bTata McGraw-Hill _c1992 |
||
| 300 | _a408 p. | ||
| 942 | _cBK | ||
| 999 |
_c75674 _d75674 |
||